| 000 | 00692nam a2200229 u 4500 | ||
|---|---|---|---|
| 005 | 20240228064225.0 | ||
| 008 | 151117s2009 r 000 0 eng d | ||
| 020 | _a9500725223 (10 dígitos) | ||
| 020 | _a9789500725224 (13 dígitos) | ||
| 035 | _aUPN01000206881 | ||
| 049 | _aI | ||
| 050 | 4 |
_aPZ76.3 _bP4.9 2009 |
|
| 100 | 1 |
_aPez, Alberto, _d1963- _935771 |
|
| 245 | 1 | 3 |
_aLa vida secreta de las pulgas / _cAlberto Pez, Roberrto Cubillas. |
| 250 | _a3a ed. | ||
| 260 |
_aBuenos Aires : _bSudamericana, _c2009. |
||
| 300 |
_a31 p. : _bil. |
||
| 440 | 0 | _aPuercoespín | |
| 650 | 0 |
_aAnimales _vCuentos y leyendas _9234 |
|
| 650 | 4 |
_aLibros y lectura para niños _92290 |
|
| 905 | _aInfantil | ||
| 999 |
_c178982 _d178982 |
||